000 01876nam0a2200361 4500
001 RU\NLR\bibl\1389996
005 20250615200559.0
010 _a978-5-9901309-1-3
_91000
021 _aRU
_b2009-37246
_92259
035 _a(NLR Aleph) 001382043
090 _a1108275
_c1108275
100 _a20090707d2009 |||y0rusy50 ca
101 0 _arus
102 _aRU
105 _aach |||||||||
200 1 _a"Дело" профессора Войцика
_eисследования и документы
_fЮ.А. Солодовников
_gДепартамент культуры Краснодар. края, Краснодар. краев. художеств. музей им. Ф.А. Коваленко
210 _aКраснодар
_cМС-Центр
_d2009
215 _a141, [3] с.
_cцв. ил., факс., портр.
_d22
225 1 _aПортрет музея в лицах и судьбах
320 _aБиблиогр. в конце кн.
600 1 _aВойцик
_bР.К.
_f1888 - 1958
_gРомуальд Казимирович
_92566713
_3RU\NLR\auth\661518013
601 0 2 _aКраснодарский краевой художественный музей им. Ф.А. Коваленко
_92158400
_3RU\NLR\auth\661299167
686 _aЩ10г(2)1д Войцик
686 _aЩ101.3(2Р)-2Краснодар2Краевой художественный музей
700 1 _aСолодовников
_bЮ. А.
_gЮрий Алексеевич
_4070
702 1 _aВойцик
_bР. К.
_gРомуальд Казимирович
_4570
801 0 _aRU
_bNLR
_c20090707
_gRCR
801 1 _aRU
_bNLR
_c20090707
942 _cBOOK
980 _aNB
980 _aNBR